000
00430nam a2200133Ia 4500
008
100328s9999 xx 000 0 und d
082
_b
36104
100
_a
पानवलकर श्री.दा.
245
_a
एका नृत्याचा जन्म
260
_b
मौज
630
_a
एका नृत्याचा जन्म
730
_a
एका नृत्याचा जन्म
942
_c
BOOK
999
_c
525836
_d
525833